Village homes : (Record no. 12480)

000 -LEADER
fixed length control field 00618cam a22001814a 4500
020 ## - INTERNATIONAL STANDARD BOOK NUMBER
ISBN 1559631112 (pbk. : alk. paper)
040 ## - CATALOGING SOURCE
Transcribing agency DLC
082 00 - DEWEY DECIMAL CLASSIFICATION NUMBER
Classification number 712 ISL 2003 A086 Or.
100 1# - MAIN ENTRY--AUTHOR NAME
Personal name Francis, Mark,
245 10 - TITLE STATEMENT
Title Village homes :
Remainder of title a community by design /
260 ## - PUBLICATION, DISTRIBUTION, ETC. (IMPRINT)
Place of publication Washington, DC :
Name of publisher Island Press,
Year of publication 2003.
300 ## - PHYSICAL DESCRIPTION
Number of Pages xiii, 87, [1] p. :
Other physical details ill. (chiefly col.), map ;
Dimensions 26 cm.
650 #0 - SUBJECT ADDED ENTRY--TOPICAL TERM
Topical Term Landscape architecture
650 #0 - SUBJECT ADDED ENTRY--TOPICAL TERM
Topical Term Planned communities
856 41 - ELECTRONIC LOCATION AND ACCESS
Uniform Resource Identifier http://www.loc.gov/catdir/toc/ecip042/2003007590.html
856 42 - ELECTRONIC LOCATION AND ACCESS
Uniform Resource Identifier http://www.loc.gov/catdir/enhancements/fy0631/2003007590-d.html
942 ## - ADDED ENTRY ELEMENTS (KOHA)
Koha item type សៀវភៅភាសាអង់គ្លេស
952 ## - LOCATION AND ITEM INFORMATION (KOHA)
Withdrawn status [LOCAL, KOHA] 0
Holdings
Permanent Location Date acquired Koha item type Lost status Shelving location Barcode Current Location Full call number
Library Block A2017-08-14សៀវភៅភាសាអង់គ្លេស A086A16900Library Block A712 ISL 2003 A086 Or.
មជ្ឈមណ្ឌលឯការនៃសាកលវិទ្យាល័យភូមិន្ទកសិកម្មចំការដូង

Powered by Koha